000
00259nam a2200109Ia 4500
008
190216s9999||||xx |||||||||||||| ||und||
100
_a
Forster E M
245
2
_a
A Room With A View
260
_b
Penguin Books
650
_a
English-English Poetry
942
_c
BK
999
_c
12705
_d
12705